000 01164cab a2200373 4500
001 ABS48088
008 090401t xxu||||| |||| 00| 0 eng d
035 _a(Sirsi) u64902
041 _aeng
100 _aGiussani, B.
245 2 _aA comparative analysis of the major determinants of office rental values in Europe
260 _c11(2) Winter 1992/93, 157-173(17)
350 _a0
490 _aJournal of Property Valuation and Investment
_v11(2) Winter 1992/93, 157-173(17)
520 _aCollating data from the period 1983-91, this paper compares trends in office rental values in a selection of major European cities. Variations in the trend are set against trade cycle fluctuations and the relationship analysed.
650 _aAMSTERDAM
650 _aBRUSSELS
650 _aEUROPE
650 _aFRANKFURT
650 _aLISBON
650 _aLONDON
650 _aMADRID
650 _aMILAN
650 _aOFFICE RENTS
650 _aPARIS
650 _aRENTAL VALUES
650 _aSTOCKHOLM
650 _aZURICH
690 _aOVERSEAS-EUROPE
700 _aHsia, M.
700 _aTsolacos, S.
942 _n0
948 _c04/03/1997
999 _c40439
_d40439